[Event "New York Marshall 03"]
[Site "New York"]
[Date "2024.03.03"]
[Round "5"]
[White "Hebbar, Eshaan"]
[Black "Rama, Tejas"]
[Result "1/2-1/2"]
[WhiteElo "2187"]
[BlackElo "2221"]
[PlyCount "46"]
[EventDate "2024.03.01"]
[EventType "swiss"]
[EventRounds "5"]
[EventCountry "USA"]
[SourceTitle "CB10_2024"]
[SourceDate "2024.03.06"]
[SourceVersion "1"]
[SourceVersionDate "2024.03.06"]
[SourceQuality "1"]

1. d4 Nf6 2. c4 e6 3. Nf3 d5 4. Nc3 c5 5. cxd5 Nxd5 6. e4 Nxc3 7. bxc3 cxd4 8. cxd4 Bb4+ 9. Bd2 Bxd2+ 10. Qxd2 0-0 11. Be2 b6 12. 0-0 Bb7 13. Qe3 Nd7 14. Rac1 Rc8 15. Rxc8 Qxc8 16. Rc1 Qb8 17. Nd2 Rc8 18. Rc3 Rxc3 19. Qxc3 Qd6 20. f3 Qc6 21. Qxc6 Bxc6 22. Kf2 Kf8 23. Ke3 Ke7 1/2-1/2

[Event "Titled Tuesday intern op 16th Jan Early"]
[Site "Chess.com INT"]
[Date "2024.01.16"]
[Round "11"]
[White "Lazavik, Denis"]
[Black "Rama, Tejas"]
[Result "1-0"]
[WhiteElo "2566"]
[BlackElo "2221"]
[PlyCount "79"]
[EventDate "2024.01.16"]
[EventType "swiss (blitz)"]
[EventRounds "11"]
[EventCountry "USA"]
[SourceTitle "CB04_2024"]
[SourceDate "2023.10.16"]
[SourceVersion "1"]
[SourceVersionDate "2023.10.16"]
[SourceQuality "1"]

1. d4 Nf6 2. Nf3 d5 3. Bg5 c5 4. e3 cxd4 5. exd4 Nc6 6. c3 Bf5 7. Nbd2 e6 8. Be2 Be7 9. 0-0 0-0 10. Re1 Qc7 11. Nf1 Ne4 12. Bxe7 Qxe7 13. Bd3 Rab8 14. Ng3 Nxg3 15. hxg3 Bxd3 16. Qxd3 b5 17. b4 a5 18. a3 Rfc8 19. g4 Qd8 20. g3 Ne7 21. Kg2 Qc7 22. Rh1 Ng6 23. Rac1 Qf4 24. g5 axb4 25. axb4 Qc7 26. Rh5 Qc6 27. Qe3 Ra8 28. Ne5 Qc7 29. Nxg6 hxg6 30. Rh4 Ra3 31. Rch1 Kf8 32. Qe2 Qc4 33. Qe5 Qc7 34. Rh8+ Ke7 35. Qxg7 Rxh8 36. Qf6+ Kd6 37. Rxh8 Rxc3 38. Rf8 Kc6 39. Rxf7 Qd6 40. Re7 1-0

[Event "Titled Tuesday intern op 12th Sep Early"]
[Site "Chess.com INT"]
[Date "2023.09.12"]
[Round "5"]
[White "Rama, Tejas"]
[Black "Filali, Razzouki Marouan"]
[Result "0-1"]
[WhiteElo "2255"]
[BlackElo "2234"]
[PlyCount "38"]
[EventDate "2023.09.12"]
[EventType "swiss (blitz)"]
[EventRounds "11"]
[EventCountry "USA"]
[SourceTitle "EXT 2024"]
[Source "ChessBase"]
[SourceDate "2023.10.10"]
[SourceVersion "1"]
[SourceVersionDate "2023.10.10"]
[SourceQuality "1"]

1. d4 Nf6 2. c4 e6 3. Nf3 d5 4. Nc3 c5 5. cxd5 cxd4 6. Qa4+ Bd7 7. Qxd4 exd5 8. Bg5 Be7 9. e3 Nc6 10. Bxf6 Nxd4 11. Bxd4 0-0 12. Bd3 Bf6 13. Nxd5 Bxd4 14. Nxd4 Bc6 15. Nf4 Qa5+ 16. Ke2 Rad8 17. a3 Rfe8 18. Nxc6 bxc6 19. Rac1 Qe5 0-1

[Event "Titled Tuesday intern op 29th Aug Late"]
[Site "Chess.com INT"]
[Date "2023.08.29"]
[Round "8"]
[White "Kamsky, Gata"]
[Black "Rama, Tejas"]
[Result "1-0"]
[WhiteElo "2641"]
[BlackElo "2255"]
[PlyCount "47"]
[EventDate "2023.08.29"]
[EventType "swiss (blitz)"]
[EventRounds "11"]
[EventCountry "USA"]
[SourceTitle "EXT 2024"]
[Source "ChessBase"]
[SourceDate "2023.10.10"]
[SourceVersion "1"]
[SourceVersionDate "2023.10.10"]
[SourceQuality "1"]

1. e4 e5 2. Nf3 Nc6 3. Bb5 Nf6 4. 0-0 Nxe4 5. d4 Nd6 6. Bxc6 dxc6 7. dxe5 Nf5 8. Qxd8+ Kxd8 9. Rd1+ Ke8 10. Nc3 Ne7 11. h3 Ng6 12. Kh2 Bc5 13. Ne4 Be7 14. g4 h5 15. Kg3 Be6 16. b3 Bd5 17. Re1 Rd8 18. c4 Be6 19. Be3 b6 20. Rad1 Rxd1 21. Rxd1 hxg4 22. hxg4 f5 23. exf6 Bf5 24. gxf5 1-0

[Event "Titled Tuesday intern op 15th Aug Early"]
[Site "Chess.com INT"]
[Date "2023.08.15"]
[Round "5"]
[White "Pogorelskikh, Sofia"]
[Black "Rama, Tejas"]
[Result "1-0"]
[WhiteElo "2153"]
[BlackElo "2255"]
[PlyCount "123"]
[EventDate "2023.08.15"]
[EventType "swiss (blitz)"]
[EventRounds "11"]
[EventCountry "USA"]
[SourceTitle "EXT 2024"]
[Source "ChessBase"]
[SourceDate "2023.10.10"]
[SourceVersion "1"]
[SourceVersionDate "2023.10.10"]
[SourceQuality "1"]

1. e4 c5 2. Nf3 d6 3. Bb5+ Bd7 4. a4 Nf6 5. Qe2 g6 6. 0-0 Bg7 7. Nc3 0-0 8. Rd1 Nc6 9. Nd5 a6 10. Bc4 Bg4 11. c3 Ne5 12. Bb3 Nh5 13. d4 cxd4 14. cxd4 Nxf3+ 15. gxf3 Bh3 16. Kh1 e6 17. Nf4 Nxf4 18. Bxf4 Qe7 19. Rac1 Rac8 20. Qd2 Qh4 21. Bg3 Qh5 22. Qe2 Rxc1 23. Rxc1 Bxd4 24. Bxd6 Be5 25. Bxe5 Qxe5 26. Rg1 Rd8 27. Qe3 Qxb2 28. f4 Rd2 29. Qxh3 Rxf2 30. Bxe6 Qe2 31. Bd5 Rf3 32. Qg2 Rf2 33. Qg3 Kg7 34. f5 Qf3+ 35. Qxf3 Rxf3 36. Kg2 Re3 37. Rb1 Kf6 38. Rxb7 gxf5 39. Rxf7+ Ke5 40. Rxf5+ Kd4 41. Kf2 Ra3 42. Rf3 Rxa4 43. Kg3 Rb4 44. h4 Rb8 45. Ra3 a5 46. Rxa5 Rf8 47. Kg4 Ke5 48. Kg5 Rf4 49. Ra6 Rf1 50. Re6+ Kd4 51. Rf6 Rg1+ 52. Kh6 Rh1 53. h5 Rh4 54. Rf5 Ke3 55. Kxh7 Rh3 56. Kg6 Rg3+ 57. Rg5 Rh3 58. h6 Kd4 59. h7 Rf3 60. Kg7 Rf8 61. h8Q Rxh8 62. Kxh8 1-0

[Event "Titled Tuesday intern op 01st Aug Early"]
[Site "Chess.com INT"]
[Date "2023.08.01"]
[Round "5"]
[White "Csonka, Balazs"]
[Black "Rama, Tejas"]
[Result "0-1"]
[WhiteElo "2480"]
[BlackElo "2255"]
[PlyCount "68"]
[EventDate "2023.08.01"]
[EventType "swiss (blitz)"]
[EventRounds "11"]
[EventCountry "USA"]
[SourceTitle "EXT 2024"]
[Source "ChessBase"]
[SourceDate "2023.10.10"]
[SourceVersion "1"]
[SourceVersionDate "2023.10.10"]
[SourceQuality "1"]

1. d4 Nf6 2. c4 e6 3. g3 d5 4. Nf3 dxc4 5. Bg2 c5 6. 0-0 Nc6 7. dxc5 Qxd1 8. Rxd1 Bxc5 9. Nfd2 Nd4 10. Nc3 Nd5 11. Nxd5 exd5 12. Bxd5 0-0 13. Nxc4 Rd8 14. e4 Bg4 15. Rd3 Be2 16. Rc3 Bb4 17. Bg5 Rxd5 18. exd5 Bxc3 19. bxc3 Nf3+ 20. Kg2 Nxg5 21. Ne5 f6 22. Re1 Bh5 23. f4 fxe5 24. fxg5 Re8 25. h3 e4 26. g4 Bf7 27. c4 b5 28. cxb5 Bxd5 29. Kg3 e3 30. a4 e2 31. a5 Bc4 32. b6 axb6 33. axb6 Rb8 34. Rb1 Rxb6 0-1

[Event "Titled Tuesday intern op 01st Aug Late"]
[Site "Chess.com INT"]
[Date "2023.08.01"]
[Round "1"]
[White "Kushko, Dmitriy"]
[Black "Rama, Tejas"]
[Result "1-0"]
[WhiteElo "2426"]
[BlackElo "2255"]
[PlyCount "43"]
[EventDate "2023.08.01"]
[EventType "swiss (blitz)"]
[EventRounds "11"]
[EventCountry "USA"]
[SourceTitle "EXT 2024"]
[Source "ChessBase"]
[SourceDate "2023.10.10"]
[SourceVersion "1"]
[SourceVersionDate "2023.10.10"]
[SourceQuality "1"]

1. Nf3 d5 2. g3 Nf6 3. Bg2 c5 4. 0-0 e6 5. c4 dxc4 6. Na3 Be7 7. Nxc4 0-0 8. b3 b5 9. Nce5 Bb7 10. Bb2 Nbd7 11. d4 cxd4 12. Qxd4 Nxe5 13. Nxe5 Bxg2 14. Kxg2 Qxd4 15. Bxd4 a6 16. Nc6 Bd6 17. Rfd1 Rac8 18. Na7 Rcd8 19. a4 bxa4 20. Rxa4 Nd5 21. Rxa6 Ra8 22. Rxd6 1-0

[Event "Titled Tuesday intern op 01st Aug Late"]
[Site "Chess.com INT"]
[Date "2023.08.01"]
[Round "4"]
[White "Rama, Tejas"]
[Black "Vafin, Ayrat"]
[Result "1/2-1/2"]
[WhiteElo "2255"]
[BlackElo "2302"]
[PlyCount "91"]
[EventDate "2023.08.01"]
[EventType "swiss (blitz)"]
[EventRounds "11"]
[EventCountry "USA"]
[SourceTitle "EXT 2024"]
[Source "ChessBase"]
[SourceDate "2023.10.10"]
[SourceVersion "1"]
[SourceVersionDate "2023.10.10"]
[SourceQuality "1"]

1. d4 d5 2. c4 e6 3. Nf3 Nf6 4. Nc3 Be7 5. Bf4 0-0 6. e3 b6 7. Bd3 Bb7 8. cxd5 Nxd5 9. Nxd5 Qxd5 10. Qc2 Qa5+ 11. Ke2 Ba6 12. Rhc1 c5 13. a3 cxd4 14. Nxd4 Qh5+ 15. Ke1 e5 16. Bxa6 Nxa6 17. Qf5 Qxf5 18. Nxf5 Bf6 19. Bg3 Nc5 20. Rc2 e4 21. Rb1 Rfd8 22. Nd6 h5 23. h3 Be7 24. Nf5 Bf6 25. Nd6 Be7 26. Nc4 Rac8 27. Ke2 Nd3 28. a4 f5 29. b3 h4 30. Bh2 a6 31. Rd2 b5 32. axb5 axb5 33. Ne5 Bf6 34. Nxd3 exd3+ 35. Kd1 Bc3 36. Ra2 d2 37. Bf4 Rd7 38. e4 fxe4 39. Ke2 Rcd8 40. Rd1 Bb4 41. Bxd2 Kf7 42. Rc2 Ke6 43. Rc6+ Kf7 44. Rc2 Ke6 45. Ke3 Kf7 46. Ke2 1/2-1/2

[Event "Titled Tuesday intern op 01st Aug Late"]
[Site "Chess.com INT"]
[Date "2023.08.01"]
[Round "6"]
[White "Vivaan, Vishal Shah"]
[Black "Rama, Tejas"]
[Result "1-0"]
[WhiteElo "2047"]
[BlackElo "2255"]
[PlyCount "61"]
[EventDate "2023.08.01"]
[EventType "swiss (blitz)"]
[EventRounds "11"]
[EventCountry "USA"]
[SourceTitle "EXT 2024"]
[Source "ChessBase"]
[SourceDate "2023.10.10"]
[SourceVersion "1"]
[SourceVersionDate "2023.10.10"]
[SourceQuality "1"]

1. e4 c5 2. Nf3 d6 3. d4 cxd4 4. Nxd4 Nf6 5. Nc3 Nc6 6. Bg5 e6 7. Qd3 Be7 8. 0-0-0 0-0 9. Ndb5 Ne5 10. Qd2 d5 11. exd5 Nxd5 12. Bxe7 Qxe7 13. Nxd5 exd5 14. Re1 a6 15. Nc3 Qd6 16. Qxd5 Qh6+ 17. Kb1 Ng4 18. Bc4 Be6 19. Rxe6 fxe6 20. Qxe6+ Kh8 21. Qxg4 Rxf2 22. a3 Rd8 23. Rd1 Rxd1+ 24. Qxd1 Qh4 25. g3 Qe7 26. Qd5 Rf8 27. Ne4 b5 28. Bb3 h6 29. Nd6 Rf1+ 30. Ka2 Kh7 31. Qd3+ 1-0

[Event "Titled Tuesday intern op 18th Jul Late"]
[Site "Chess.com INT"]
[Date "2023.07.18"]
[Round "1"]
[White "Grigoriants, Sergey"]
[Black "Rama, Tejas"]
[Result "1-0"]
[WhiteElo "2562"]
[BlackElo "2277"]
[PlyCount "53"]
[EventDate "2023.07.18"]
[EventType "swiss (blitz)"]
[EventRounds "11"]
[EventCountry "USA"]
[SourceTitle "EXT 2024"]
[Source "ChessBase"]
[SourceDate "2023.10.10"]
[SourceVersion "1"]
[SourceVersionDate "2023.10.10"]
[SourceQuality "1"]

1. d4 Nf6 2. c4 e6 3. Nc3 Bb4 4. e3 0-0 5. Bd3 d5 6. Nf3 c5 7. 0-0 b6 8. cxd5 exd5 9. a3 Ba5 10. Bd2 Ba6 11. Bxa6 Nxa6 12. dxc5 bxc5 13. Qa4 d4 14. exd4 cxd4 15. Nb5 Bxd2 16. Qxa6 Bf4 17. Nbxd4 Qd5 18. Nc6 Qh5 19. h3 Rfe8 20. Rfe1 Rxe1+ 21. Rxe1 h6 22. Qb7 Re8 23. Rxe8+ Nxe8 24. Qxa7 Qb5 25. Qd4 Bd6 26. Nce5 Nf6 27. Qxd6 1-0

[Event "New York Summer 1000 GM IM-C"]
[Site "New York"]
[Date "2023.07.08"]
[Round "5.1"]
[White "Rama, Tejas"]
[Black "Mou, Iris Zhaoying"]
[Result "1/2-1/2"]
[WhiteElo "2277"]
[BlackElo "2214"]
[PlyCount "96"]
[EventDate "2023.07.06"]
[EventType "schev"]
[EventRounds "9"]
[EventCountry "USA"]
[SourceTitle "CBM 215 Extra"]
[Source "ChessBase"]
[SourceDate "2023.09.30"]
[SourceVersion "1"]
[SourceVersionDate "2023.09.30"]
[SourceQuality "1"]
[WhiteTeam "Team D"]
[BlackTeam "Team B"]
[WhiteTeamCountry "USA"]
[BlackTeamCountry "USA"]

1. d4 Nf6 2. c4 e6 3. Nf3 Bb4+ 4. Bd2 Qe7 5. e3 Bxd2+ 6. Qxd2 d6 7. Nc3 Nc6 8. Bd3 e5 9. Bc2 0-0 10. 0-0 Bg4 11. Ng5 h6 12. Nge4 Nxe4 13. Bxe4 Nd8 14. Rae1 c6 15. Bb1 f5 16. f3 Bh5 17. d5 c5 18. Kh1 a6 19. Qc2 Rf6 20. h3 Bg6 21. f4 e4 22. g4 Rf8 23. Rg1 Re8 24. Qh2 b6 25. Rg3 Ra7 26. Reg1 Qf6 27. Qg2 Qe7 28. Bc2 Kh8 29. Bd1 Qf6 30. g5 hxg5 31. Rxg5 Bh7 32. Bh5 Rf8 33. Bg6 Bxg6 34. Rxg6 Qe7 35. Qf2 Kg8 36. h4 Rf6 37. h5 Qf7 38. Qh4 Kh7 39. Na4 Rb7 40. Nc3 b5 41. Nd1 bxc4 42. Nf2 Rxb2 43. Nh3 Kh8 44. h6 Rxg6 45. Rxg6 Rb7 46. Kh2 Rb2+ 47. Kh1 Rb1+ 48. Kh2 Rb2+ 1/2-1/2

[Event "Titled Tuesday intern op 06th Jun Late"]
[Site "Chess.com INT"]
[Date "2023.06.06"]
[Round "5"]
[White "Luke Brezmes, Cristofer"]
[Black "Rama, Tejas"]
[Result "1-0"]
[WhiteElo "2088"]
[BlackElo "2277"]
[PlyCount "37"]
[EventDate "2023.06.06"]
[EventType "swiss (blitz)"]
[EventRounds "11"]
[EventCountry "USA"]
[SourceTitle "EXT 2024"]
[Source "ChessBase"]
[SourceDate "2023.10.10"]
[SourceVersion "1"]
[SourceVersionDate "2023.10.10"]
[SourceQuality "1"]

1. e4 c5 2. Nc3 Nc6 3. f4 g6 4. Nf3 Bg7 5. a4 b6 6. Bc4 Bb7 7. d3 Nh6 8. 0-0 0-0 9. f5 Ng4 10. Ng5 Bd4+ 11. Kh1 Nf2+ 12. Rxf2 Bxf2 13. Qf3 Bh4 14. fxg6 Bxg5 15. gxf7+ Kh8 16. Bxg5 Ne5 17. Qf5 Nxc4 18. dxc4 Qc7 19. Bf6+ 1-0

[Event "Titled Tuesday intern op 06th Jun Late"]
[Site "Chess.com INT"]
[Date "2023.06.06"]
[Round "3"]
[White "Martine, Jean Christophe"]
[Black "Rama, Tejas"]
[Result "0-1"]
[WhiteElo "2008"]
[BlackElo "2277"]
[PlyCount "68"]
[EventDate "2023.06.06"]
[EventType "swiss (blitz)"]
[EventRounds "11"]
[EventCountry "USA"]
[SourceTitle "EXT 2024"]
[Source "ChessBase"]
[SourceDate "2023.10.10"]
[SourceVersion "1"]
[SourceVersionDate "2023.10.10"]
[SourceQuality "1"]

1. c4 Nf6 2. Nc3 e6 3. g3 d5 4. d4 c5 5. cxd5 Nxd5 6. Nf3 Nxc3 7. bxc3 cxd4 8. cxd4 Bb4+ 9. Bd2 Bxd2+ 10. Qxd2 b6 11. Bg2 Bb7 12. 0-0 0-0 13. a4 a5 14. Rab1 Na6 15. e3 Nb4 16. Rfc1 Be4 17. Rb3 Qd5 18. Rxb4 axb4 19. Nh4 Bxg2 20. Nxg2 Rxa4 21. Rb1 Rfa8 22. Nf4 Qe4 23. Nd3 Ra2 24. Qd1 b3 25. Qxb3 Ra1 26. Qxb6 Qxd3 27. Rxa1 Rxa1+ 28. Kg2 Qe4+ 29. Kh3 h5 30. Qd8+ Kh7 31. Qg5 Qf5+ 32. Qxf5+ exf5 33. Kh4 Kh6 34. h3 g5# 0-1

[Event "Titled Tuesday intern op 30th May Late"]
[Site "Chess.com INT"]
[Date "2023.05.30"]
[Round "2"]
[White "Barp, Alberto"]
[Black "Rama, Tejas"]
[Result "1-0"]
[WhiteElo "2432"]
[BlackElo "2190"]
[PlyCount "67"]
[EventDate "2023.05.30"]
[EventType "swiss (blitz)"]
[EventRounds "11"]
[EventCountry "USA"]
[SourceTitle "CBM 214 Extra"]
[Source "ChessBase"]
[SourceDate "2023.07.31"]
[SourceVersion "1"]
[SourceVersionDate "2023.07.31"]
[SourceQuality "1"]

1. d4 Nf6 2. c4 e6 3. Nf3 d5 4. g3 dxc4 5. Bg2 c5 6. 0-0 Nc6 7. Qa4 Bd7 8. Qxc4 b5 9. Qc3 b4 10. Qd3 Rc8 11. dxc5 Bxc5 12. Be3 Qb6 13. Bxc5 Qxc5 14. Nbd2 0-0 15. Rac1 Qe7 16. Rfd1 Rfd8 17. Qa6 Be8 18. Nb3 Rxd1+ 19. Rxd1 Rd8 20. Rc1 Qd6 21. Nfd2 Nd5 22. Ne4 Qd7 23. Nec5 Qe7 24. h4 Ne5 25. Qa5 Rc8 26. e4 Nc6 27. Qa6 Nb6 28. Na4 Nb8 29. Qa5 Rxc1+ 30. Nxc1 Bxa4 31. Nd3 Nc6 32. Qa6 Qd6 33. e5 Qxd3 34. Qxd3 1-0

[Event "Titled Tuesday intern op 30th May Late"]
[Site "Chess.com INT"]
[Date "2023.05.30"]
[Round "1"]
[White "Rama, Tejas"]
[Black "Makridis, Dimitrios"]
[Result "1/2-1/2"]
[WhiteElo "2190"]
[BlackElo "2356"]
[PlyCount "200"]
[EventDate "2023.05.30"]
[EventType "swiss (blitz)"]
[EventRounds "11"]
[EventCountry "USA"]
[SourceTitle "CBM 214 Extra"]
[Source "ChessBase"]
[SourceDate "2023.07.31"]
[SourceVersion "1"]
[SourceVersionDate "2023.07.31"]
[SourceQuality "1"]

1. d4 Nf6 2. c4 c6 3. Nc3 d5 4. e3 g6 5. Nf3 Bg7 6. Be2 0-0 7. 0-0 Be6 8. cxd5 Nxd5 9. h3 h6 10. Bd2 Nd7 11. Rc1 N7f6 12. Qc2 Nxc3 13. Bxc3 Nd5 14. Bd2 Rc8 15. e4 Nf6 16. Rfd1 Kh7 17. b3 Qb6 18. Be3 Qa5 19. Bd2 Qc7 20. Qb1 Qb8 21. Bb4 Rfe8 22. Ba3 b6 23. Ba6 Rc7 24. Qc2 Nd7 25. d5 Bxd5 26. exd5 c5 27. Bd3 Rd8 28. h4 Nf6 29. Bb2 Nxd5 30. Bxg7 Kxg7 31. h5 g5 32. Qb2+ f6 33. Bc4 Nf4 34. Qb1 Nxh5 35. Qf5 Nf4 36. Nh4 Qc8 37. Qxc8 Rdxc8 38. Nf5+ Kg6 39. Ne3 Nh5 40. Be6 Rf8 41. Nd5 Rb7 42. Ne3 Ng7 43. Bd5 Rc7 44. Bc4 e6 45. Rd2 f5 46. Rcd1 Re8 47. Rd7 Re7 48. Rxc7 Rxc7 49. Rd8 Kf6 50. g3 h5 51. f4 h4 52. fxg5+ Kxg5 53. gxh4+ Kxh4 54. Rg8 Rd7 55. Kf2 Re7 56. Bxe6 f4 57. Ng2+ Kg5 58. Bc4 Kf5 59. Rf8+ Ke5 60. Nxf4 Kd4 61. Rd8+ Ke4 62. Nd5 Rf7+ 63. Ke2 Rb7 64. Nb4 Kf4 65. Bd5 Re7+ 66. Kd3 cxb4 67. Rf8+ Ke5 68. Bg2 Nf5 69. Rc8 Rd7+ 70. Ke2 Nd4+ 71. Ke3 Nf5+ 72. Ke2 Nd6 73. Rh8 Kd4 74. Rh4+ Kc5 75. Rh5+ Kd4 76. Kd2 Ne4+ 77. Bxe4 Kxe4+ 78. Kc2 Kd4 79. Rb5 Rc7+ 80. Kb2 a5 81. Rxb6 Kc5 82. Rg6 Kb5 83. Rg5+ Rc5 84. Rxc5+ Kxc5 85. Kc2 Kd4 86. Kd2 Ke4 87. Ke2 Kd4 88. Kd2 Ke4 89. Ke2 Ke5 90. Ke3 Kd5 91. Kd3 Kc5 92. Ke4 Kc6 93. Kd4 Kb6 94. Kd5 Kb5 95. Kd4 Kb6 96. Kd5 Kb5 97. Kd6 Kb6 98. Ke5 Kc5 99. Ke4 Kc6 100. Kd4 Kb6 1/2-1/2